<?xml version="1.0" encoding="UTF-8"?><?xml-stylesheet type="text/xsl" href="static/style.xsl"?><OAI-PMH xmlns="http://www.openarchives.org/OAI/2.0/" xmlns:xsi="http://www.w3.org/2001/XMLSchema-instance" xsi:schemaLocation="http://www.openarchives.org/OAI/2.0/ http://www.openarchives.org/OAI/2.0/OAI-PMH.xsd"><responseDate>2026-04-17T16:20:03Z</responseDate><request verb="GetRecord" identifier="oai:www.recercat.cat:2072/481220" metadataPrefix="marc">https://recercat.cat/oai/request</request><GetRecord><record><header><identifier>oai:recercat.cat:2072/481220</identifier><datestamp>2025-02-04T00:03:50Z</datestamp><setSpec>com_2072_98</setSpec><setSpec>col_2072_378192</setSpec></header><metadata><record xmlns="http://www.loc.gov/MARC21/slim" xmlns:dcterms="http://purl.org/dc/terms/" xmlns:xsi="http://www.w3.org/2001/XMLSchema-instance" xmlns:doc="http://www.lyncode.com/xoai" xsi:schemaLocation="http://www.loc.gov/MARC21/slim http://www.loc.gov/standards/marcxml/schema/MARC21slim.xsd">
   <leader>00925njm 22002777a 4500</leader>
   <datafield ind2=" " ind1=" " tag="042">
      <subfield code="a">dc</subfield>
   </datafield>
   <datafield ind2=" " ind1=" " tag="720">
      <subfield code="a">Abdel-Rahman Téllez, Shadia</subfield>
      <subfield code="e">author</subfield>
   </datafield>
   <datafield ind2=" " ind1=" " tag="260">
      <subfield code="c">2024</subfield>
   </datafield>
   <datafield ind2=" " ind1=" " tag="520">
      <subfield code="a">torrin a. greathouse'sdebut poetry collection Wound from the Mouth of a Wound (2020) articulates the oblique language of pain, trauma, and suffering emanating from the flesh. greathouse's poetry of the wounded body deals with the impact of the gender and ableist biases contained in medical, social, and cultural discourses on her identity as a chronically ill and disabled trans woman. The analysis of a selection of her poems reveals her pains-taking deconstruction of the male/female, ability/disability, healthy/ill, and normal/ab-normal binaries that govern her world. This poet unbindsa body whose gender and poten-tial are hidden behind the dominant biomedical essentialism, diagnostic terms, and tenta-tive treatments, reflecting on the analogous medicalisation of disability, illness, transgen-derism, and trauma. greathouse poetises her reconciliation with a body oppressed by the dominant discourses that regard trans and disabled bodies only in terms of deficiency and imperfection.</subfield>
   </datafield>
   <datafield ind2=" " ind1=" " tag="520">
      <subfield code="a">La primera col·lecció de poesia de torrin a. greathouse, Wound from the Mouth of a Wound (2020), articula el fosc llenguatge del dolor, trauma i patiment que emana del cos. La seva poesia del cos ferit tracta sobre l'impacte dels biaixos capacitistes i de gènere que es troben als discursos mèdics, socials i culturals sobre la seva identitat com a dona trans amb una discapacitat i afeccions cròniques. L'anàlisi d'una selecció dels seus poemes revela una de-construcció minuciosa dels dualismes mascle/femella, capacitat/discapacitat, salut/malal-tia i normal/anormal que governen el seu món. La poeta allibera un cos el gènere i potencial del qual s'amaguen rere l'essencialisme biomèdic dominant, els termes diagnòstics i els tractaments imprecisos, alhora que reflexiona sobre la medicalització anàloga de la disca-pacitat, la malaltia, el transgenerisme i el trauma. greathouse poetitza la seva reconciliació amb un cos oprimit pels discursos que consideren els cossos trans i amb discapacitats en termes de deficiència i imperfecció.</subfield>
   </datafield>
   <datafield ind2=" " ind1=" " tag="520">
      <subfield code="a">La primera colección de poesía de torrin a. greathouse, Wound from the Mouth of a Wound (2020), articula el oscuro lenguaje del dolor, trauma y sufrimiento que emana de la carne. Su poesía del cuerpo herido indaga sobre los sesgos capacitistas y de género implícitos en los discursos médicos, sociales y culturales y su impacto en su identidadcomo mujer trans con discapacidad y afecciones crónicas. El análisis de una selección de sus poemas desvela una minuciosa deconstrucción de los dualismos macho/hembra, capacidad/discapacidad, salud/enfermedad y normal/anormal que gobiernan su mundo. Esta poeta libera un cuerpo cuyo género y capacidad se esconden tras el esencialismo biomédico dominante, los términos diagnósticos y los tratamientos imprecisos, reflexionando sobre la análoga medicalización de la discapacidad, enfermedad, transgenerismo y trauma. greathouse ver-sifica su reconciliación con un cuerpo oprimido por los discursos que consideran los cuer-pos trans y con discapacidades en términos de deficiencia e imperfección.</subfield>
   </datafield>
   <datafield ind1="8" ind2=" " tag="024">
      <subfield code="a">http://hdl.handle.net/2072/481220</subfield>
   </datafield>
   <datafield tag="653" ind2=" " ind1=" ">
      <subfield code="a">Medicine</subfield>
   </datafield>
   <datafield tag="653" ind2=" " ind1=" ">
      <subfield code="a">Gender</subfield>
   </datafield>
   <datafield tag="653" ind2=" " ind1=" ">
      <subfield code="a">Disability</subfield>
   </datafield>
   <datafield tag="653" ind2=" " ind1=" ">
      <subfield code="a">Ableism</subfield>
   </datafield>
   <datafield tag="653" ind2=" " ind1=" ">
      <subfield code="a">Poetry</subfield>
   </datafield>
   <datafield tag="653" ind2=" " ind1=" ">
      <subfield code="a">Medicina</subfield>
   </datafield>
   <datafield tag="653" ind2=" " ind1=" ">
      <subfield code="a">Gènere</subfield>
   </datafield>
   <datafield tag="653" ind2=" " ind1=" ">
      <subfield code="a">Discapacitat</subfield>
   </datafield>
   <datafield tag="653" ind2=" " ind1=" ">
      <subfield code="a">Capacitisme</subfield>
   </datafield>
   <datafield tag="653" ind2=" " ind1=" ">
      <subfield code="a">Poesia</subfield>
   </datafield>
   <datafield tag="653" ind2=" " ind1=" ">
      <subfield code="a">Género</subfield>
   </datafield>
   <datafield tag="653" ind2=" " ind1=" ">
      <subfield code="a">Discapacidad</subfield>
   </datafield>
   <datafield tag="653" ind2=" " ind1=" ">
      <subfield code="a">Capacitismo</subfield>
   </datafield>
   <datafield tag="653" ind2=" " ind1=" ">
      <subfield code="a">Poesía</subfield>
   </datafield>
   <datafield ind2="0" ind1="0" tag="245">
      <subfield code="a">Body Unbound : Poetry of Illness, Gender, and Disability in torrin a. greathouse's Wound from the Mouth of a Wound (2020)</subfield>
   </datafield>
</record></metadata></record></GetRecord></OAI-PMH>